Estrellas 4 años religión católica, educación infantil: cuaderno de actividades 2§ ciclo

I tiakina i:
Ngā taipitopito rārangi puna kōrero
Ngā kaituhi matua: Pérez Landáburu, Encarnación (Author), García Franco, Pedro María (Author), Camino Beazcua, Guillermo (Author), Bueno Heras, Carmelo (Author), Pérez Urroz, Alejandro (Author)
Hōputu: Pukapuka
Reo:Pāniora
I whakaputaina: Madrid Bruño 1997
Ngā marau:
Ngā Tūtohu: Tāpirihia he Tūtohu
Kāore He Tūtohu, Me noho koe te mea tuatahi ki te tūtohu i tēnei pūkete!

MARC

LEADER 00000nam a2200000 a 4500
001 UCP5243
003 CL-VaPUC
008 990903e19970000SP |||||||||||||||||spa|d
082 0 4 |a 372.84  |b PER  |2 21 
100 0 |a Pérez Landáburu, Encarnación  |e author  |9 433487 
700 |a García Franco, Pedro María  |e author  |9 433488 
700 0 |a Camino Beazcua, Guillermo  |e author  |9 433489 
700 0 |a Bueno Heras, Carmelo  |e author  |9 433490 
700 0 |a Pérez Urroz, Alejandro  |e author  |9 433491 
245 1 0 |a Estrellas 4 años religión católica, educación infantil: cuaderno de actividades 2§ ciclo 
300 |a 109 p 
942 |c BK 
945 |d 19990903 00:00:00  |a cmena 
260 |a Madrid  |b Bruño  |c 1997 
650 0 |a Educación básica   |9 224933 
650 0 |a Educación religiosa   |9 308312 
650 0 |a Religión católica   |9 399371 
583 |a last modification  |c 19990903 00:00:00  |k Rodrigo Vera 
999 |c 283017  |d 283015 
952 |0 0  |1 0  |4 0  |6 372_840000000000000_PER_1997  |7 0  |8 A  |9 325757  |a BIBEDU  |b BIBEDU  |d 2019-11-20  |i 3540308  |l 1  |o 372.84 PER 1997  |p 3540308  |r 2023-08-03  |s 2023-08-03  |w 2019-11-20  |y BK  |k BME